000
00254nam a2200097Ia 4500
008
241105s9999 xx 000 0 und d
041
_a
eng
100
_a
Daripkar Ruchira
_9
182554
245
_a
Oceanarium At Worli
260
_b
Final Year B. Arch, BNCA
_c
2014
999
_c
360843
_d
360843